[Event "Frankfurt-chA"]
[Site "Frankfurt"]
[Date "2022.05.02"]
[Round "2"]
[White "Wachter, Peter"]
[Black "Wirth, Wolfram"]
[Result "1/2-1/2"]
[WhiteElo "1585"]
[BlackElo "1596"]
[PlyCount "55"]
[EventDate "2022.04.25"]
[EventType "swiss"]
[EventRounds "7"]
[EventCountry "GER"]
[SourceTitle "EXT 2023"]
[Source "ChessBase"]
[SourceDate "2022.10.05"]
[SourceVersion "1"]
[SourceVersionDate "2022.10.05"]
[SourceQuality "1"]

1. d4 Nf6 2. Nf3 g6 3. Nc3 Bg7 4. Bg5 0-0 5. Qc1 Re8 6. g3 d6 7. Bg2 Nbd7 8. 0-0 c6 9. Re1 Qc7 10. Nd2 h6 11. Bxf6 Nxf6 12. e3 b5 13. Nce4 a5 14. c3 Bf5 15. Nxf6+ Bxf6 16. e4 Bd7 17. Nf3 Bg7 18. h4 Rac8 19. e5 d5 20. a3 Bf5 21. Kh2 Bd3 22. b4 axb4 23. axb4 Ra8 24. Qb2 f6 25. Rxa8 Rxa8 26. exf6 exf6 27. Ra1 Re8 28. Re1 1/2-1/2

[Event "Frankfurt-chB"]
[Site "Frankfurt"]
[Date "2013.06.17"]
[Round "7"]
[White "Lochmann, Tobias"]
[Black "Wachter, Peter"]
[Result "0-1"]
[WhiteElo "699"]
[BlackElo "931"]
[PlyCount "58"]
[EventDate "2013.04.29"]
[EventType "swiss"]
[EventRounds "7"]
[EventCountry "GER"]
[SourceTitle "EXT 2014"]
[Source "ChessBase"]
[SourceDate "2013.11.20"]
[SourceVersion "1"]
[SourceVersionDate "2013.11.20"]
[SourceQuality "1"]

1. c4 e6 2. Nc3 Nc6 3. Nf3 b6 4. e4 Bb7 5. d4 Nce7 6. Bg5 f6 7. Bf4 Ng6 8. Qd2 Bb4 9. Be3 Bxe4 10. Be2 N8e7 11. 0-0 0-0 12. Ne1 Bxc3 13. Qxc3 Nf5 14. f3 Nxe3 15. Qxe3 Bb7 16. c5 a5 17. cxb6 cxb6 18. Bc4 Qc7 19. Nd3 Qxc4 20. Rfd1 Qc7 21. Rac1 Qd6 22. Nf2 Rac8 23. Rxc8 Rxc8 24. Re1 Qf4 25. Qxf4 Nxf4 26. g3 Nh5 27. Re3 f5 28. g4 Nf4 29. Re1 Bxf3 0-1

[Event "Frankfurt-chB"]
[Site "Frankfurt"]
[Date "2013.04.29"]
[Round "1"]
[White "Mook, Karl Juergen"]
[Black "Wachter, Peter"]
[Result "1-0"]
[WhiteElo "1289"]
[BlackElo "931"]
[PlyCount "67"]
[EventDate "2013.04.29"]
[EventType "swiss"]
[EventRounds "7"]
[EventCountry "GER"]
[SourceTitle "EXT 2014"]
[Source "ChessBase"]
[SourceDate "2013.11.20"]
[SourceVersion "1"]
[SourceVersionDate "2013.11.20"]
[SourceQuality "1"]

1. d4 d5 2. c4 e6 3. Nc3 Nf6 4. Nf3 Bb4 5. Qc2 c5 6. e3 cxd4 7. Nxd4 e5 8. Nf3 Bxc3+ 9. Qxc3 e4 10. Nd4 0-0 11. Be2 Nc6 12. Nxc6 bxc6 13. b4 a6 14. Bb2 Rb8 15. 0-0 Qe7 16. a3 Rd8 17. cxd5 cxd5 18. Rfd1 Bb7 19. Qe5 Qd6 20. Qxd6 Rxd6 21. Be5 Rbd8 22. Bxd6 Rxd6 23. Rac1 g6 24. Rc7 Rb6 25. Rdc1 Ne8 26. Rd7 Bc6 27. Ra7 Bb7 28. Rc5 Nd6 29. Rc7 Kg7 30. g3 Bc8 31. Kg2 Rb7 32. Rcxb7 Bxb7 33. Bxa6 Bxa6 34. Rxa6 1-0